| 000 | 00000nam##2200000za#4500 |
| 001 | 9.690157 |
| 003 | CaOODSP |
| 005 | 20210624232220 |
| 007 | cr ||||||||||| |
| 008 | 150407|2007||||xxc|||||o f|0| 0 eng|d |
| 020 | |a978-0-662-46685-7 |
| 040 | |aCaOODSP|beng |
| 043 | |an-cn--- |
| 086 | 1 |aCH14-20/2007E-PDF |
| 110 | 1 |aCanada.|bCanadian Heritage. |bOfficial Languages Support Programs. |
| 245 | 10|aIntergovernmental cooperation in the area of provincial and territorial minority-language services : |h[electronic resource]|bsuccesses and challenges (2003-2007) |
| 260 | |aGatineau - Quebec : |bCanadian Heritage. |cMarch 2007. |
| 300 | |a44p.|bcoloured figs., graphs, references, tables |
| 590 | |a10-12-Supp|b2010-11-18 |
| 690 | 07|aLanguage minorities|2gcpds |
| 775 | 08|tLa collaboration intergouvernementale en matière de services provinciaux et territoriaux dans la langue de la minorité : |w(CaOODSP)9.634530 |
| 856 | 40|ahttp://publications.gc.ca|qPDF|s336 KB|uhttps://publications.gc.ca/collections/collection_2010/pc-ch/CH14-20-2007-eng.pdf |